000 00773nam a2200217Ii 4500
003 JO-AjNU
008 230605s9999||||xx |||||||||||||| ||und||
017 _a2009/10/4464
040 _aJO-AjNU
_bara
_erda
_cJO-AjNU
041 _aara
050 1 4 _aPJ6123.A2385 2010
100 3 _aعبد الباري، ماهر شعبان,
_eauthor
_928057
245 0 0 _aالكتابة الوظيفية والإبداعية: المجالات، المهارات، الأنشطة، التقويم
250 _aط1
264 3 1 _aعمان: دار المسيرة، 2010
300 _a360ص
336 _atext
_btxt
_2rdacontent
337 _aunmediated
_bn
_2rdamedia
338 _avolume
_bnc
_2rdacarrier
650 4 _aاللغة العربية - الكتابة الوظيفية
_928058
999 _aA10835
_c14403
_d14403